000 01430cam a2200385 4500
008 090401t1994 xxu||||| |||| 00| 0 eng d
020 _a090160772X
035 _a(Sirsi) u75653
041 _aeng
050 _a346.4104346
090 _aRICS 1994/10ABCD
100 _aFox, Gerry
245 _aLeasehold reform Housing & Urban Development Act 1993: a guide to Part I & Part II.
260 _aCoventry
_bChartered Institute of Housing
_c1994
300 _axiii, 142p. ; 30cm.
350 _a14.95
520 _aThe Leasehold Reform, Housing and Urban Development Act 1993 is a substantial and important piece of legislation, which both housing managers and surveyors need to be familiar with. This publication gives a section-by-section guide to the provisions of the Act.
650 _aHOUSING (SCOTLAND) ACT 1987
650 _aLEASEHOLD FLATS
650 _aLEASEHOLD REFORM ACT 1967
650 _aLEASEHOLD REFORM, HOUSING AND URBAN DEVELOPMENT ACT 1993
650 _aRENT TO LOAN SCHEME
650 _aRESIDENTIAL LEASES
650 _aRICS
650 _aRIGHT TO BUY
650 _aSCOTLAND
650 _aSECURE TENANCIES
650 _aURBAN REGENERATION AGENCY
690 _aLANDLORD AND TENANT-LEASEHOLD REFORM
700 _aMacGilp, Jason
710 _aRoyal Institution of Chartered Surveyors
_94900
710 _aChartered Institute of Housing
_92394
942 _n0
948 _c04/03/1997
999 _c96062
_d96062